Logos de Banques - Statistiques

Statistiques générales
  • Ce quiz a été pris 436 fois
  • Le résultat moyen est 13 sur 20
Statistiques - réponses
Par images Réponse % Correct
Crédit Agricole
99%
AXA
96%
La Banque Postale
96%
CIC
92%
BNP Paribas
91%
Caisse d'Épargne
90%
Société Générale
89%
Allianz
83%
Crédit Mutuel
83%
BoursoBank
74%
Revolut
71%
Banque Populaire
66%
Hello Bank!
58%
Fortuneo
52%
ING
49%
Lydia
33%
Crédit du Nord
20%
BforBank
12%
Arkea
10%
Memo Bank
1%
Aucun quiz correspondant
Distribution des résultats
% des personnes avec chaque résultat
Percentile par nombre de réponses
Votre historique - résultats
Vous n’avez pas pris ce quiz